Chaos = an introduction to dynamical systems

Αποθηκεύτηκε σε:
Λεπτομέρειες βιβλιογραφικής εγγραφής
Κύριος συγγραφέας: Alligood, Kathleen T.
Άλλοι συγγραφείς: Sauer, Tim, Yorke, James A.
Μορφή: Βιβλίο
Γλώσσα:English
Δημοσίευση: New York ; London : Springer, c1996
Σειρά:Textbooks in mathematical sciences
Θέματα:
Ετικέτες: Προσθήκη ετικέτας
Δεν υπάρχουν, Καταχωρήστε ετικέτα πρώτοι!

MARC

LEADER 00000nam a2200000 i 4500
001 1/47480
008 040122s1996 eng d
020 |a 0-387-94677-2 
035 |l 10072085 
040 |a GR-MY-UA  |b gre  |e aacr 
041 0 |a eng 
082 0 |a 003.85 
100 1 |a Alligood, Kathleen T. 
245 1 0 |a Chaos =  |b an introduction to dynamical systems /  |c Kathleen T. Alligood, Tim D. Sauer, James A. Yorke 
260 |a New York ; London :   |b Springer,   |c c1996 
300 |a xvii, 603 p.;  |b ill.;  |c 24 cm. 
490 1 |a Textbooks in mathematical sciences 
504 |a Includes bibliographical references and index 
650 0 0 |a Differentiable dynamical systems. 
650 0 0 |a Chaotic behavior in systems. 
700 1 |a Sauer, Tim. 
700 1 |a Yorke, James A. 
830 0 |a Textbooks in mathematical sciences 
852 |a INST  |b SAMOS  |e 20040122  |h 003.85 ALL  |p 005300023527  |q 005300023527  |t BK  |y 0 
901 |a BIBL3-2004-1 
909 |a Σ  |b 107209 
922 |a 3ΕΛΗ  |b 200309  |c ΜΕΤΑΠΤ/ΤΜΗΜΑ ΜΑΘΗΜΑΤΙΚΩΝ  |d GLORYBOOK 
970 |a ΚΟΣΙΕΡΗΣ  |b ΧΡΗΣΤΟΣ  |z 2004/01/22